| 000 | 00762nam a2200241Ia 4500 | ||
|---|---|---|---|
| 003 | GCL | ||
| 005 | 20240530102609.0 | ||
| 008 | 140319s9999 xx 000 0 ara d | ||
| 040 |
_aGCL / _cGCL |
||
| 082 | 0 | 4 |
_a257.1 _bص ف |
| 100 | 1 | _aصلاح الدين رسلان | |
| 245 | 1 | 0 |
_aالفكر السياسى عند الماوردى / _cصلاح الدين رسلان |
| 260 |
_a[S.N] : _bمكتبة نهضة الشرق ، _c1985 |
||
| 300 | _a525 ص ؛25 سم | ||
| 650 | 0 | 4 | _aالفلسفة الاسلامية |
| 650 | 0 | 4 | _aالاسلام |
| 650 | 0 | 4 | _aالخلافة |
| 650 | 0 | 4 | _aنظام الحكم فى الاسلام |
| 650 | 0 | 4 | _aالامامة |
| 650 | 0 | 4 | _aالاسلام والسياسة |
| 650 | 0 | 4 | _aالماوردى |
| 942 |
_2ddc _cBK |
||
| 999 |
_c33298 _d33298 |
||